| 000 | 00985cam a2200241 4500 | ||
|---|---|---|---|
| 005 | 20250909121708.0 | ||
| 008 | 250716b ag |||||||| |||| 00| 0 spa d | ||
| 020 | _a9502011430 | ||
| 050 | 0 | 4 |
_aKZD3600 _bM38 1998 |
| 100 | 1 | _aMaureen Williams, Silvia | |
| 245 | 3 |
_aEl riesgo ambiental y su regulación _b : derecho internacional comparado : residuos especiales, protección de la capa de ozono _c/ Silvia Maureen Williams ; prólogo Slynn of Hadley |
|
| 250 | _a1a ed. | ||
| 260 |
_aBuenos Aires : _bAbeledo-Perrot, _c1998 |
||
| 300 |
_a335 p. ; _c23 cm. |
||
| 504 | _aBibliografía : p. 323-330 e indice | ||
| 650 | 4 |
_2lemb _aEspacio _xContaminación _xLegislación |
|
| 650 | 4 | _aBasura espacial -- Leyes y legislación | |
| 650 | 4 |
_aReduccion de la capa de ozono _xLegislación |
|
| 651 | 7 |
_2lemb _aResponsabilidad del Estado (Derecho internacional) |
|
| 651 | 7 |
_2lemb _aDerecho internacional _xControl ambiental |
|
| 700 | 1 |
_aSlynn of Hadley, _eprólogo |
|
| 942 |
_2lcc _cLIB |
||
| 999 |
_c132323 _d132323 |
||